| 000 | 00666nam a22002057a 4500 | ||
|---|---|---|---|
| 008 | 240524b mp ||||| |||| 00| 0 mon d | ||
| 035 | _a9870 | ||
| 040 |
_aОрхон аймгийн нийтийн номын сан _bmon _cMN-UlNLM _dMN-UlNLM _erda |
||
| 041 | _amon | ||
| 042 | _a13241 | ||
| 084 |
_2НСНЗА _a72.3 _bК-82 |
||
| 100 | _aКремнев Б. | ||
| 245 | 0 | _aВольфганг Амодой Моцорт | |
| 264 |
_aУлаанбаатар _bМонсудар хэвлэх газар _c2004 |
||
| 300 | _a251 х. | ||
| 336 |
_2rdacontent _atext _btxt |
||
| 337 |
_2rdamedia _aunmediated _bn |
||
| 338 |
_2rdacarrier _avolume _bnc |
||
| 942 |
_2NNA _cBK |
||
| 999 |
_c684501 _d684558 |
||